Tour of Paris Landmarks Quiz Stats

 Plays Quiz Updated Jan 7, 2015

Also try: The France Quiz
Challenge
Share
Tweet
Score 0/16 Timer 05:00
6 Plays Today
# Landmark % Correct
La Tour Eiffel
96.7%
Musée du Louvre
92.5%
Cathédrale Notre-Dame de Paris
88.7%
Arc de Triomphe de l'Étoile
80.8%
La Statue de la Liberté
71.4%
Musée Rodin
70.5%
Moulin Rouge
65.3%
Sacré-Cœur Basilica
53.7%
# Landmark % Correct
Centre Georges Pompidou
37.5%
Palais Garnier
31%
Musée d'Orsay
29.6%
Place de la Bastille
26.9%
Le Panthéon national
25.1%
Cimetière du Père Lachaise
23.9%
L'Hôtel national des Invalides
21.9%
Tour Maine-Montparnasse
20.9%

You're not logged in!

Compare scores with friends on all Sporcle quizzes.
OR
Log In

You Might Also Like...

Show Comments

Extras

Top Quizzes Today


Score Distribution

Your Account Isn't Verified!

In order to create a playlist on Sporcle, you need to verify the email address you used during registration. Go to your Sporcle Settings to finish the process.

Report this User

Report this user for behavior that violates our Community Guidelines.

Details: